The Kennedy imprisonment : a meditation on power /

Bibliographic Details
Main Author: Wills, Garry, 1934-
Format: Book
Language:English
Published: Boston : Little, Brown, [1982]
Edition:1st ed.
Subjects:

MARC

Tag First Indicator Second Indicator Subfields
LEADER 00000pam a2200000 a 4500
001 in00000095940
005 20150923173813.0
008 811028s1982 mau 00110ceng
010 |a  81018649  
020 |a 0316943851 :  |c $14.95 (est.) 
035 |a (OCoLC)07945856 
035 |9 AAK8326AM 
040 |a DLC  |c DLC  |d TXA  |d UtOrBLW 
043 |a n-us--- 
049 |a TXAM  |c [1362654] 
050 0 0 |a E843  |b W54 
082 0 |a 973.922/092/2  |2 19 
100 1 |a Wills, Garry,  |d 1934- 
245 1 4 |a The Kennedy imprisonment :  |b a meditation on power /  |c Garry Wills. 
250 |a 1st ed. 
264 1 |a Boston :  |b Little, Brown,  |c [1982] 
264 4 |c ©1982 
300 |a 310 pages ;  |c 25 cm. 
336 |a text  |b txt  |2 rdacontent 
337 |a unmediated  |b n  |2 rdamedia 
338 |a volume  |b nc  |2 rdacarrier 
500 |a "An Atlantic Monthly Press book." 
500 |a Includes index. 
536 |a Donated to the Texas A&M University Library by Captain John Box September 2001. 
600 3 0 |a Kennedy family. 
650 0 |a Power (Social sciences) 
999 |a MARS 
999 f f |s e70de549-315e-36a7-9745-bdf4092e11f7  |i ec86a4b2-c9f5-3a14-ae8b-41d025baf91c  |t 0 
952 f f |p ric  |a Texas A&M University  |b Rellis Campus  |c Joint Library Facility  |d Remote Storage  |t 0  |e E843 W54  |h Library of Congress classification  |i unmediated -- volume  |m A14828693036 
998 f f |a E843 W54  |t 0  |l Remote Storage